Abzeichen der Länder der Fußball-Weltmeisterschaft 2026 - Statistiken

Allgemein
  • Dieses Quiz wurde 98 mal gespielt
  • Das Durchschnittsergebnis liegt bei 31 aus 42
Antwortstatistiken
Bildquiz Antwort % Korrekt
Deutschland
99%
England
97%
Österreich
91%
Belgien
90%
Kroatien
89%
Frankreich
87%
Katar
87%
Portugal
87%
Spanien
87%
Kanada
86%
Kolumbien
86%
Norwegen
86%
Argentinien
84%
Australien
84%
Brasilien
84%
Iran
84%
Tunesien
84%
Niederlande
83%
Vereinigte Staaten
83%
Ghana
80%
Schottland
79%
Japan
77%
Panama
77%
Elfenbeinküste
76%
Schweiz
76%
Uruguay
73%
Marokko
71%
Neuseeland
71%
Senegal
70%
Algerien
69%
Südkorea
63%
Ecuador
61%
Mexiko
61%
Jordanien
60%
Curaçao
53%
Paraguay
49%
Ägypten
47%
Kap Verde
47%
Saudi-Arabien
47%
Haiti
46%
Usbekistan
40%
Südafrika
29%
Keine übereinstimmenden Quizze gefunden
Verteilung der Resultate
Anzahl Personen mit jedem Resultat
Perzentil nach korrekt beantworteten Fragen
Ihre Resultats-Entwicklung
Sie haben dieses Quiz noch nicht gespielt